[Event "LLO 2017/18"]
[Site "Mecklenburg-Vorpommern"]
[Date "2018.03.18"]
[Round "7.8"]
[White "Ochei, Victor"]
[Black "Vlach, Michael"]
[Result "0-1"]
[WhiteElo "1446"]
[BlackElo "1558"]
[PlyCount "48"]
[EventDate "2017.??.??"]
[EventType "team-tourn"]
[EventRounds "9"]
[SourceDate "2017.10.08"]
[WhiteTeam "Ribnitz-Damgarten"]
[BlackTeam "FHSG Stralsund II"]

1. e4 e6 2. Nf3 d5 3. exd5 exd5 4. d4 Bg4 5. h3 Bh5 6. c3 c6 7. Be2 Bd6 8. O-O
Ne7 9. Bg5 f6 10. Be3 O-O 11. Qc2 Nd7 12. Nh4 Bxe2 13. Qxe2 Qc7 14. Nd2 Rae8
15. Qg4 f5 16. Qh5 Nf6 17. Qd1 f4 18. Qc2 fxe3 19. fxe3 Nh5 20. Nhf3 Nf5 21.
Ng5 Bh2+ 22. Kh1 Nfg3+ 23. Kxh2 Nxf1+ 24. Kg1 Qh2# 0-1

[Event "LLO 2017/18"]
[Site "Mecklenburg-Vorpommern"]
[Date "2018.03.18"]
[Round "7.1"]
[White "Hoerhold, Martin"]
[Black "Menkhaus, Wolf Dieter"]
[Result "1/2-1/2"]
[WhiteElo "1732"]
[BlackElo "1832"]
[PlyCount "50"]
[EventDate "2017.??.??"]
[EventType "team-tourn"]
[EventRounds "9"]
[SourceDate "2017.10.08"]
[WhiteTeam "SG Neubrandenburg II"]
[BlackTeam "SSC Rostock II"]

1. e4 e5 2. Nf3 Nf6 3. d3 Nc6 4. g3 d5 5. exd5 Nxd5 6. Bg2 Be7 7. Qe2 f6 8.
Nbd2 Bg4 9. h3 Bh5 10. g4 Bf7 11. Ne4 Qd7 12. Be3 Nxe3 13. fxe3 O-O-O 14. a3 h6
15. O-O-O Qd5 16. Nc3 Qa5 17. Ne4 Qb6 18. Rhf1 Rhf8 19. Nh4 Rfe8 20. Nf5 Bf8
21. Nfg3 Na5 22. g5 Qe6 23. gxf6 g6 24. Qg4 b6 25. Nc3 Bc5 1/2-1/2

[Event "LLO 2017/18"]
[Site "Mecklenburg-Vorpommern"]
[Date "2018.03.18"]
[Round "7.2"]
[White "Herde, Dittmar"]
[Black "Dupke, Andreas"]
[Result "1/2-1/2"]
[WhiteElo "1803"]
[BlackElo "1741"]
[PlyCount "69"]
[EventDate "2017.??.??"]
[EventType "team-tourn"]
[EventRounds "9"]
[SourceDate "2017.10.08"]
[WhiteTeam "SSC Rostock II"]
[BlackTeam "SG Neubrandenburg II"]

1. d4 d5 2. c4 e6 3. Nf3 Nf6 4. Nc3 Be7 5. Bg5 O-O 6. e3 h6 7. Bh4 Nbd7 8. Rc1
dxc4 9. Bxc4 a6 10. a4 c6 11. O-O b5 12. Ba2 Bb7 13. Bb1 Re8 14. Qc2 Rc8 15.
Ne5 Nf8 16. Bxf6 Bxf6 17. Ne4 c5 18. Qe2 Bxe4 19. Bxe4 Bxe5 20. dxe5 Qb6 21.
axb5 axb5 22. f4 c4 23. Rf3 Red8 24. Rg3 g6 25. h4 Rc7 26. h5 Qa7 27. Qg4 Rd2
28. hxg6 fxg6 29. Qh5 Rxb2 30. Rxg6+ Nxg6 31. Qxg6+ Kf8 32. Qxh6+ Rg7 33. Qh8+
Kf7 34. Qh5+ Ke7 35. Qh4+ 1/2-1/2

[Event "LLO 2017/18"]
[Site "Mecklenburg-Vorpommern"]
[Date "2018.03.18"]
[Round "7.3"]
[White "Rehbein, Hans Juergen"]
[Black "Maertin, Heinz"]
[Result "0-1"]
[WhiteElo "1708"]
[BlackElo "1739"]
[PlyCount "62"]
[EventDate "2017.??.??"]
[EventType "team-tourn"]
[EventRounds "9"]
[SourceDate "2017.10.08"]
[WhiteTeam "SG Neubrandenburg II"]
[BlackTeam "SSC Rostock II"]

1. b3 c5 2. g3 d5 3. Bb2 Nc6 4. Bg2 e5 5. d3 Be6 6. Nd2 Qd7 7. Ngf3 f6 8. e4 d4
9. O-O Bd6 10. a3 Nge7 11. c4 O-O-O 12. Ne1 g5 13. Nc2 Kb8 14. Nf3 Ng6 15. Qd2
h5 16. b4 h4 17. b5 Nce7 18. Qa5 Bh3 19. b6 a6 20. Qd2 Bxg2 21. Kxg2 hxg3 22.
fxg3 Qh3+ 23. Kg1 g4 24. Nfe1 Rdf8 25. Qg2 Qh5 26. Rd1 Nf4 27. gxf4 exf4 28.
Rd2 f3 29. Nxf3 gxf3 30. Qxf3 Rfg8+ 31. Kh1 Qxh2+ 0-1

[Event "LLO 2017/18"]
[Site "Mecklenburg-Vorpommern"]
[Date "2018.03.18"]
[Round "7.5"]
[White "Buenz, Heinrich"]
[Black "Wurst, Maximilian"]
[Result "0-1"]
[WhiteElo "1671"]
[BlackElo "1680"]
[PlyCount "72"]
[EventDate "2017.??.??"]
[EventType "team-tourn"]
[EventRounds "9"]
[SourceDate "2017.10.08"]
[WhiteTeam "SG Neubrandenburg II"]
[BlackTeam "SSC Rostock II"]

1. Nf3 Nf6 2. c4 e6 3. g3 b6 4. Bg2 Bb7 5. O-O c5 6. Nc3 d5 7. cxd5 exd5 8. d4
Be7 9. Bf4 Na6 10. a3 O-O 11. Qc2 Rc8 12. Rac1 cxd4 13. Nxd4 Bc5 14. Bh3 Bxd4
15. Bxc8 Qxc8 16. Nb5 Bc5 17. Nd6 Qh3 18. e3 Ng4 19. f3 Nxe3 20. Qe2 Nf5+ 21.
Rxc5 Nxc5 22. b4 Ba6 23. b5 Bc8 24. Rd1 Be6 25. Be5 Nxd6 26. Bxd6 Rc8 27. Rc1
Qf5 28. Rc3 d4 29. Rc1 d3 30. Qf2 Qd5 31. Bf4 Rd8 32. Bd2 Nb3 33. Rb1 Nxd2 34.
Qxd2 Qa2 35. Qb4 d2 36. Rd1 Qc2 0-1

[Event "LLO 2017/18"]
[Site "Mecklenburg-Vorpommern"]
[Date "2018.03.18"]
[Round "7.6"]
[White "Nour, Alaa"]
[Black "Lange, Ingo"]
[Result "1-0"]
[WhiteElo "1614"]
[BlackElo "1726"]
[PlyCount "95"]
[EventDate "2017.??.??"]
[EventType "team-tourn"]
[EventRounds "9"]
[SourceDate "2017.10.08"]
[WhiteTeam "SSC Rostock II"]
[BlackTeam "SG Neubrandenburg II"]

1. e4 c6 2. Nf3 d5 3. Nc3 dxe4 4. Nxe4 Bf5 5. Ng3 Bg6 6. h4 h6 7. Ne5 Bh7 8.
Qh5 g6 9. Bc4 e6 10. Qe2 Qe7 11. d4 Nf6 12. h5 g5 13. f4 gxf4 14. Bxf4 Nd5 15.
Bd2 Bg7 16. O-O Qh4 17. c3 Qxg3 18. Nxf7 Kd7 19. Nxh8 Bf5 20. Bxd5 cxd5 21.
Qb5+ Kc7 22. Bf4+ Qxf4 23. Rxf4 Bxh8 24. Qe8 Bf6 25. g4 Bg5 26. gxf5 Bxf4 27.
f6 Bd6 28. f7 a5 29. Re1 Ra6 30. Rxe6 Nd7 31. Kg2 a4 32. Rxh6 Rb6 33. b3 axb3
34. axb3 Rxb3 35. Rh8 Rb2+ 36. Kf1 Rb1+ 37. Ke2 Rb2+ 38. Kd1 Kc6 39. Qc8+ Bc7
40. Rh6+ Kb5 41. Qxd7+ Kc4 42. Qxc7+ Kd3 43. Qg3+ Kc4 44. f8=Q b5 45. Qc5+ Kb3
46. Qb4+ Ka2 47. Ra6+ Kb1 48. Qd3# 1-0

[Event "LLO 2017/18"]
[Site "Mecklenburg-Vorpommern"]
[Date "2018.03.18"]
[Round "7.7"]
[White "Zabka, Helge"]
[Black "Birkholz, Karl Lukas"]
[Result "1/2-1/2"]
[WhiteElo "1662"]
[BlackElo "1639"]
[PlyCount "80"]
[EventDate "2017.??.??"]
[EventType "team-tourn"]
[EventRounds "9"]
[SourceDate "2017.10.08"]
[WhiteTeam "SG Neubrandenburg II"]
[BlackTeam "SSC Rostock II"]

1. Nf3 Nf6 2. c4 c6 3. e3 d5 4. b3 Bf5 5. Be2 Nbd7 6. O-O e5 7. d4 exd4 8. Nxd4
Bg6 9. Nc3 Bd6 10. Nf3 Nb6 11. cxd5 Nbxd5 12. Bb2 Nxc3 13. Bxc3 O-O 14. Qd4 Be7
15. Rfd1 Qxd4 16. Rxd4 Rad8 17. Rad1 Rxd4 18. Bxd4 c5 19. Bc3 Ne4 20. Bb2 Rd8
21. Rxd8+ Bxd8 22. Ba3 Nc3 23. Bc4 b6 24. Ne5 Nxa2 25. Nc6 Bc7 26. Nxa7 Nc3 27.
b4 Ne4 28. bxc5 Nxc5 29. Nb5 Bb8 30. Nd4 Bd6 31. Nb5 Bb8 32. Nc3 Be4 33. Nxe4
Nxe4 34. Bd3 Bd6 35. Bxd6 Nxd6 36. Kf1 h6 37. Ke2 Kf8 38. Kd2 Ke7 39. Kc3 Kd7
40. Kb4 Kc6 1/2-1/2

[Event "LLO 2017/18"]
[Site "Mecklenburg-Vorpommern"]
[Date "2018.03.18"]
[Round "7.8"]
[White "Kimura, Jonas Minoru"]
[Black "Sohrweide, Milena"]
[Result "1-0"]
[WhiteElo "1362"]
[BlackElo "1170"]
[PlyCount "65"]
[EventDate "2017.??.??"]
[EventType "team-tourn"]
[EventRounds "9"]
[SourceDate "2017.10.08"]
[WhiteTeam "SSC Rostock II"]
[BlackTeam "SG Neubrandenburg II"]

1. d4 d5 2. Nf3 Nc6 3. b3 Nf6 4. Bb2 Bf5 5. Nbd2 e6 6. e3 Bb4 7. a3 Bd6 8. Be2
O-O 9. Nh4 Ne4 10. Nxf5 exf5 11. O-O Nxd2 12. Qxd2 Re8 13. c4 dxc4 14. Bxc4 Qe7
15. Qc3 Qf6 16. Bb5 a6 17. Bxc6 bxc6 18. Qxc6 h6 19. Rac1 Rec8 20. f3 f4 21. e4
Qe6 22. d5 Qe7 23. b4 f6 24. Bd4 Qd8 25. Rfe1 Qe7 26. Bc5 Bxc5+ 27. Rxc5 Kh7
28. Rec1 Ra7 29. d6 Qe6 30. d7 Qxc6 31. dxc8=Q Qb6 32. Kh1 a5 33. Rxc7 1-0

[Event "LLO 2017/18"]
[Site "Mecklenburg-Vorpommern"]
[Date "2018.03.18"]
[Round "7.1"]
[White "Lange, Jannis"]
[Black "Alder, Bodo"]
[Result "1/2-1/2"]
[WhiteElo "1904"]
[BlackElo "1844"]
[PlyCount "101"]
[EventDate "2017.??.??"]
[EventType "team-tourn"]
[EventRounds "9"]
[SourceDate "2017.10.08"]
[WhiteTeam "SV Motor Wolgast"]
[BlackTeam "Seehotel Binz"]

1. e4 c5 2. Nf3 d6 3. Bb5+ Bd7 4. Bxd7+ Nxd7 5. O-O Ngf6 6. Qe2 a6 7. d4 cxd4
8. Nxd4 e6 9. Rd1 Qc7 10. Nc3 Be7 11. Nb3 O-O 12. Nd2 b5 13. a3 Rac8 14. Nf1
Ne5 15. Ne3 Rfd8 16. Kh1 Qb7 17. f3 h5 18. Bd2 Ng6 19. Rg1 d5 20. exd5 exd5 21.
Nf5 Bf8 22. Bg5 Re8 23. Qd1 Nh7 24. Bd2 Re5 25. Nd4 h4 26. f4 Ree8 27. Qf3 Nf6
28. Rae1 Qd7 29. Rxe8 Rxe8 30. Re1 h3 31. Rxe8 hxg2+ 32. Qxg2 Qxe8 33. Nxd5 Nh5
34. Qe2 Qc8 35. Qxh5 Qc4 36. Ne2 Qe4+ 37. Kg1 Bc5+ 38. Be3 Bxe3+ 39. Nxe3 Qxe3+
40. Kf1 Nxf4 41. Nxf4 Qxf4+ 42. Ke2 g6 43. Qh3 Qe5+ 44. Kd3 f5 45. Qg2 Qd6+ 46.
Ke2 Kg7 47. c3 Qe7+ 48. Kd3 g5 49. Qd5 f4 50. Qd4+ Kh6 51. h4 1/2-1/2

[Event "LLO 2017/18"]
[Site "Mecklenburg-Vorpommern"]
[Date "2018.03.18"]
[Round "7.2"]
[White "Ertel, Wolfhard"]
[Black "Krasov, Oleksi"]
[Result "0-1"]
[WhiteElo "1838"]
[BlackElo "1897"]
[PlyCount "72"]
[EventDate "2017.??.??"]
[EventType "team-tourn"]
[EventRounds "9"]
[SourceDate "2017.10.08"]
[WhiteTeam "Seehotel Binz"]
[BlackTeam "SV Motor Wolgast"]

1. e4 c5 2. Nf3 Nc6 3. d4 cxd4 4. Nxd4 e5 5. Nb3 Nf6 6. Bg5 h6 7. Bxf6 Qxf6 8.
Bc4 Bb4+ 9. c3 Be7 10. N1d2 O-O 11. O-O d6 12. Re1 Be6 13. Qe2 Rfd8 14. Bd5 Rd7
15. Nf1 Bd8 16. Ne3 Ne7 17. Rad1 Rc8 18. Rd2 Ng6 19. g3 Bh3 20. Qh5 Be6 21. Ng4
Qe7 22. Red1 Bb6 23. Rd3 Nf8 24. Ne3 Bxe3 25. Rxe3 Nh7 26. Qe2 Nf6 27. Bxe6
Qxe6 28. Kg2 b6 29. h3 Qc4 30. Nc1 Qa4 31. b3 Qa3 32. Qc2 Qc5 33. c4 b5 34. Rc3
d5 35. Nd3 Qd4 36. exd5 Rxd5 0-1

[Event "LLO 2017/18"]
[Site "Mecklenburg-Vorpommern"]
[Date "2018.03.18"]
[Round "7.3"]
[White "Reinke, Thomas"]
[Black "Fechner, Henrik"]
[Result "1/2-1/2"]
[WhiteElo "1919"]
[BlackElo "1759"]
[PlyCount "89"]
[EventDate "2017.??.??"]
[EventType "team-tourn"]
[EventRounds "9"]
[SourceDate "2017.10.08"]
[WhiteTeam "SV Motor Wolgast"]
[BlackTeam "Seehotel Binz"]

1. e4 c6 2. d4 d5 3. Nc3 dxe4 4. Nxe4 Bf5 5. Ng3 Bg6 6. Bc4 e6 7. N1e2 h6 8.
O-O Bd6 9. f4 Ne7 10. Bd3 Bxd3 11. Qxd3 Nd7 12. f5 exf5 13. Nxf5 Nxf5 14. Qxf5
Nf6 15. c3 Qd7 16. Qf3 O-O-O 17. Bf4 Bxf4 18. Nxf4 Rhf8 19. Rae1 Rde8 20. Nd3
Rxe1 21. Rxe1 Re8 22. Rxe8+ Qxe8 23. Ne5 Qe6 24. b3 Kd8 25. h3 Ke7 26. Kf2 Nd7
27. Nxd7 Kxd7 28. g4 b5 29. Qf5 Qxf5+ 30. gxf5 Kd6 31. Ke3 c5 32. Ke4 cxd4 33.
Kxd4 g6 34. fxg6 fxg6 35. Ke4 Ke6 36. h4 Kd6 37. Kd4 g5 38. hxg5 hxg5 39. Ke4
Ke6 40. a4 bxa4 41. bxa4 Kd6 42. Kf5 Kd5 43. Kxg5 Kc4 44. Kf4 Kxc3 45. a5
1/2-1/2

[Event "LLO 2017/18"]
[Site "Mecklenburg-Vorpommern"]
[Date "2018.03.18"]
[Round "7.4"]
[White "Horch, Helmut"]
[Black "Haenjes, Frank"]
[Result "1/2-1/2"]
[WhiteElo "1733"]
[BlackElo "1887"]
[PlyCount "69"]
[EventDate "2017.??.??"]
[EventType "team-tourn"]
[EventRounds "9"]
[SourceDate "2017.10.08"]
[WhiteTeam "Seehotel Binz"]
[BlackTeam "SV Motor Wolgast"]

1. d4 c5 2. e3 cxd4 3. exd4 Nf6 4. Bd3 g6 5. c3 Bg7 6. Nf3 O-O 7. O-O d6 8. Re1
a6 9. Qe2 Re8 10. Nbd2 Nbd7 11. Ne4 Rb8 12. Nxf6+ Nxf6 13. Bg5 Bd7 14. Qd2 Bc6
15. Bxf6 Bxf6 16. Be4 Qc7 17. Bxc6 bxc6 18. Re2 Rb7 19. Rae1 Reb8 20. b3 a5 21.
Qh6 a4 22. Ng5 Bxg5 23. Qxg5 axb3 24. axb3 e6 25. b4 Rb5 26. Qg3 Ra8 27. h3 Ra3
28. Re3 Qe7 29. Qf3 Ra6 30. Qe2 Ra8 31. Qd2 Qb7 32. f4 c5 33. dxc5 dxc5 34. Re5
cxb4 35. Rxb5 1/2-1/2

[Event "LLO 2017/18"]
[Site "Mecklenburg-Vorpommern"]
[Date "2018.03.18"]
[Round "7.5"]
[White "Riebort, Frank"]
[Black "Oergel, Ullrich"]
[Result "1-0"]
[WhiteElo "1883"]
[BlackElo "1733"]
[PlyCount "87"]
[EventDate "2017.??.??"]
[EventType "team-tourn"]
[EventRounds "9"]
[SourceDate "2017.10.08"]
[WhiteTeam "SV Motor Wolgast"]
[BlackTeam "Seehotel Binz"]

1. d4 d5 2. c4 e6 3. Nc3 Nf6 4. Bg5 Be7 5. e3 c6 6. Nf3 h6 7. Bh4 Nbd7 8. Bd3
dxc4 9. Bxc4 Nd5 10. Bg3 O-O 11. O-O N7f6 12. Qd3 Nxc3 13. bxc3 a5 14. a4 Nd5
15. e4 Nb6 16. Bb3 c5 17. Rfd1 Qe8 18. Bc7 Qc6 19. Bxb6 Qxb6 20. Rab1 Qc7 21.
d5 Rd8 22. c4 exd5 23. exd5 g6 24. Qd2 Kg7 25. Bc2 Bg4 26. Rb3 Bd6 27. h3 Bd7
28. Re3 Re8 29. Rde1 Rxe3 30. Rxe3 Re8 31. Qc3+ Kg8 32. Rxe8+ Bxe8 33. Qe3 Bd7
34. Qxh6 Bf4 35. Ng5 Bxg5 36. Qxg5 Be8 37. Qf6 b6 38. f3 Qb7 39. g4 Qc7 40. Kg2
Qb7 41. h4 Qc7 42. h5 gxh5 43. gxh5 Kf8 44. d6 1-0

[Event "LLO 2017/18"]
[Site "Mecklenburg-Vorpommern"]
[Date "2018.03.18"]
[Round "7.6"]
[White "Strack Goertsches, Hans Juergen"]
[Black "Klotzsche, Stefan"]
[Result "0-1"]
[WhiteElo "1731"]
[BlackElo "1751"]
[PlyCount "98"]
[EventDate "2017.??.??"]
[EventType "team-tourn"]
[EventRounds "9"]
[SourceDate "2017.10.08"]
[WhiteTeam "Seehotel Binz"]
[BlackTeam "SV Motor Wolgast"]

1. e4 c5 2. c3 Nf6 3. d3 e5 4. f4 d6 5. Be2 Nc6 6. Nf3 Be7 7. O-O O-O 8. a4 a5
9. Na3 Bd7 10. Kh1 Qb8 11. Nc4 b6 12. Qe1 Be6 13. fxe5 dxe5 14. Ne3 Ra7 15. Ng5
Qd6 16. Nxe6 fxe6 17. Nc4 Qc7 18. Bg5 Rb7 19. Qh4 Rbb8 20. Qh3 Qd7 21. Bxf6
Bxf6 22. Bg4 Rfe8 23. Rf3 b5 24. axb5 Rxb5 25. Raf1 Qe7 26. Bh5 Reb8 27. Qg4
Kh8 28. Rh3 Rxb2 29. Nxb2 Rxb2 30. Bg6 h6 31. Qd1 Rb6 32. Rhf3 Qb7 33. g4 Ne7
34. Bh5 Rb3 35. Qd2 Bg5 36. Rf8+ Kh7 37. Qf2 c4 38. Qc2 Rb2 39. Qd1 Bf4 40.
R8xf4 exf4 41. Bf7 Qc6 42. Rxf4 Qd6 43. Qf1 cxd3 44. g5 Qb8 45. g6+ Nxg6 46.
Bxg6+ Kxg6 47. Rg4+ Kh7 48. Qg1 Qe5 49. c4 Ra2 0-1

[Event "LLO 2017/18"]
[Site "Mecklenburg-Vorpommern"]
[Date "2018.03.18"]
[Round "7.7"]
[White "Rosin, Ralf"]
[Black "Rosenbusch, Robert Mario"]
[Result "1/2-1/2"]
[WhiteElo "1722"]
[BlackElo "1729"]
[PlyCount "77"]
[EventDate "2017.??.??"]
[EventType "team-tourn"]
[EventRounds "9"]
[SourceDate "2017.10.08"]
[WhiteTeam "SV Motor Wolgast"]
[BlackTeam "Seehotel Binz"]

1. d4 Nf6 2. Nf3 g6 3. c4 Bg7 4. Nc3 O-O 5. e4 d6 6. Be2 e5 7. dxe5 dxe5 8. Bg5
Nbd7 9. Qc2 c6 10. Rd1 Qc7 11. O-O a5 12. Na4 h6 13. Bc1 b6 14. b3 Re8 15. Ba3
Bf8 16. Bc1 Nh5 17. Rfe1 Nf4 18. Bf1 Ne6 19. Be3 Nec5 20. Nxc5 Nxc5 21. h3 Ne6
22. Qc1 Kh7 23. Nh2 Nf4 24. Nf3 Bg7 25. Qd2 c5 26. Qd6 Qb8 27. Qxb8 Rxb8 28.
Rd6 Ne6 29. Rdd1 Nd4 30. Bxd4 exd4 31. Bd3 Bb7 32. Rd2 Re7 33. Rde2 Rbe8 34.
Nd2 Be5 35. g3 Kg7 36. f4 Bc7 37. Kf2 Bc8 38. Kg2 Bb7 39. Kf2 1/2-1/2

[Event "LLO 2017/18"]
[Site "Mecklenburg-Vorpommern"]
[Date "2018.03.18"]
[Round "7.8"]
[White "Ilanz, Kazimierz"]
[Black "Schellner, Ulf"]
[Result "0-1"]
[WhiteElo "1614"]
[BlackElo "1614"]
[PlyCount "94"]
[EventDate "2017.??.??"]
[EventType "team-tourn"]
[EventRounds "9"]
[SourceDate "2017.10.08"]
[WhiteTeam "Seehotel Binz"]
[BlackTeam "SV Motor Wolgast"]

1. e4 d5 2. exd5 Qxd5 3. d4 Nf6 4. Nc3 Qd8 5. Bc4 e6 6. Nf3 Be7 7. O-O O-O 8.
Ne5 Nbd7 9. Bf4 Nb6 10. Bb3 Nbd5 11. Nxd5 exd5 12. Re1 c6 13. c3 Be6 14. Bc2 h6
15. Qe2 Bd6 16. Nxf7 Bxf7 17. Be3 Qc7 18. h3 Rae8 19. Qf3 Ne4 20. Qg4 Be6 21.
Qg6 Bf5 22. Qh5 Qf7 23. Qe2 Qg6 24. g4 h5 25. Bd1 Bd7 26. f3 Ng5 27. Qg2 Bf4
28. Bf2 Rxe1+ 29. Bxe1 Re8 30. Bc2 Be3+ 31. Kh1 Qf6 32. Bg3 Qxf3 33. Qxf3 Nxf3
34. Bg6 Rf8 35. Bxh5 Kh7 36. Bd6 Rf6 37. Rf1 Ng5 38. Rxf6 gxf6 39. Kg2 Bc1 40.
Ba3 Kg7 41. Bc5 a6 42. b3 Ne4 43. Bb4 Bd2 44. h4 Bxc3 45. Bxc3 Nxc3 46. a3 a5
47. Kf3 Ne4 0-1

[Event "LLO 2017/18"]
[Site "Mecklenburg-Vorpommern"]
[Date "2018.03.18"]
[Round "7.1"]
[White "Voelschow, Siegfried"]
[Black "Luethke, Hans Eckart"]
[Result "0-1"]
[WhiteElo "1874"]
[BlackElo "2091"]
[PlyCount "80"]
[EventDate "2017.??.??"]
[EventType "team-tourn"]
[EventRounds "9"]
[SourceDate "2017.10.08"]
[WhiteTeam "Waterkant Saal"]
[BlackTeam "SSC Graal-Mueritz"]

1. e4 c5 2. Nf3 d6 3. c3 Nf6 4. Bd3 g6 5. Bc2 Bg7 6. O-O Nc6 7. Re1 O-O 8. d4
cxd4 9. cxd4 Bg4 10. Nc3 Nd7 11. Be3 Nb6 12. Bb3 Na5 13. Bc2 Nbc4 14. b3 Nxe3
15. Rxe3 Nc6 16. Ne2 Qb6 17. Rd3 Nb4 18. Rc3 Rac8 19. Rc4 Rxc4 20. bxc4 Bxf3
21. gxf3 Nxc2 22. Qxc2 Rc8 23. Rd1 h5 24. Qd3 Qa6 25. Rc1 Qxa2 26. f4 Bh6 27.
Kh1 Qa5 28. Rg1 Qa6 29. f5 Qxc4 30. Qf3 Kh7 31. d5 Rg8 32. fxg6+ fxg6 33. Ng3
Qc8 34. Nxh5 gxh5 35. Qf7+ Rg7 36. Rxg7+ Bxg7 37. Qxe7 Qg4 38. e5 h4 39. Qxb7
h3 40. Qb1+ Kg8 0-1

[Event "LLO 2017/18"]
[Site "Mecklenburg-Vorpommern"]
[Date "2018.03.18"]
[Round "7.2"]
[White "Van Bentum, Horst"]
[Black "Schwarz, Eckhard"]
[Result "1/2-1/2"]
[WhiteElo "1915"]
[BlackElo "1844"]
[PlyCount "56"]
[EventDate "2017.??.??"]
[EventType "team-tourn"]
[EventRounds "9"]
[SourceDate "2017.10.08"]
[WhiteTeam "SSC Graal-Mueritz"]
[BlackTeam "Waterkant Saal"]

1. Nf3 Nf6 2. b3 g6 3. Bb2 Bg7 4. e3 O-O 5. Be2 c5 6. O-O Nc6 7. d3 d5 8. Ne5
Qd6 9. Nxc6 Qxc6 10. Nd2 Rd8 11. Nf3 b5 12. a4 b4 13. Be5 Bb7 14. Qc1 Rac8 15.
Qb2 a5 16. Rad1 Ba6 17. Nd2 Qe6 18. Rfe1 Ne8 19. Bxg7 Nxg7 20. h3 h5 21. e4 d4
22. Qc1 Qf6 23. e5 Qf5 24. Bf3 Rc7 25. Nf1 Ne6 26. Ng3 Qg5 27. Qxg5 Nxg5 28.
Be4 Ne6 1/2-1/2

[Event "LLO 2017/18"]
[Site "Mecklenburg-Vorpommern"]
[Date "2018.03.18"]
[Round "7.3"]
[White "Wiese, Frank"]
[Black "Simcaks, Sergejs"]
[Result "0-1"]
[WhiteElo "1903"]
[BlackElo "1832"]
[PlyCount "122"]
[EventDate "2017.??.??"]
[EventType "team-tourn"]
[EventRounds "9"]
[SourceDate "2017.10.08"]
[WhiteTeam "Waterkant Saal"]
[BlackTeam "SSC Graal-Mueritz"]

1. b3 Nf6 2. Bb2 g6 3. Bxf6 exf6 4. c4 Bg7 5. Nc3 f5 6. g3 O-O 7. Bg2 c6 8. e3
Na6 9. Nge2 d5 10. cxd5 cxd5 11. d4 Nc7 12. O-O Be6 13. b4 Ne8 14. Qb3 Nf6 15.
Nf4 g5 16. Nxe6 fxe6 17. a4 Ne8 18. a5 Nd6 19. Ra2 f4 20. Bf3 Nc4 21. Ne2 fxe3
22. fxe3 Qd6 23. Kg2 Bh6 24. g4 Rf7 25. Ng3 Bf8 26. Rb1 Be7 27. Be2 Rc8 28. e4
Qc7 29. e5 Rf4 30. Qd3 Rcf8 31. Bd1 Bd8 32. Re2 Qf7 33. Re1 Rf2+ 34. Kh3 Rd2
35. Qf1 Qxf1+ 36. Rxf1 Rxf1 37. Nxf1 Rxd4 38. Ba4 Nxe5 39. Re1 Bc7 40. Rc1 Bd6
41. Rc8+ Kg7 42. Ng3 Rxg4 43. Nh5+ Kf7 44. Be8+ Ke7 45. b5 Rg1 46. Ng3 Ra1 47.
Bh5 Ng6 48. Bxg6 hxg6 49. Rh8 Bxg3 50. Kxg3 Rxa5 51. Rh7+ Kf6 52. Rxb7 e5 53.
Kg4 Ra4+ 54. Kg3 e4 55. Kg4 d4 56. b6 d3 57. bxa7 e3+ 58. Kf3 e2 59. Rb6+ Kg7
60. Rb7+ Kh6 61. Re7 Rxa7 0-1

[Event "LLO 2017/18"]
[Site "Mecklenburg-Vorpommern"]
[Date "2018.03.18"]
[Round "7.4"]
[White "Laser, Dirk"]
[Black "Onasch, Gunnar"]
[Result "1/2-1/2"]
[WhiteElo "1797"]
[BlackElo "1804"]
[PlyCount "51"]
[EventDate "2017.??.??"]
[EventType "team-tourn"]
[EventRounds "9"]
[SourceDate "2017.10.08"]
[WhiteTeam "SSC Graal-Mueritz"]
[BlackTeam "Waterkant Saal"]

1. e4 c5 2. Nf3 e6 3. d4 cxd4 4. Nxd4 Nc6 5. c4 a6 6. Be3 Nge7 7. Nc3 Nxd4 8.
Qxd4 Nc6 9. Qd2 Bb4 10. a3 Be7 11. b4 b5 12. Be2 bxc4 13. Bxc4 O-O 14. O-O Bb7
15. Rfd1 Ne5 16. Be2 Rc8 17. Rac1 d6 18. Qd4 Nc6 19. Qb6 Qd7 20. b5 axb5 21.
Qxb5 Ra8 22. Ra1 Rfc8 23. Qh5 Bf6 24. Rac1 Ba6 25. Bxa6 Rxa6 26. Nb5 1/2-1/2

[Event "LLO 2017/18"]
[Site "Mecklenburg-Vorpommern"]
[Date "2018.03.18"]
[Round "7.5"]
[White "Richter, Frank"]
[Black "Schulz, Wolf Detlef"]
[Result "1-0"]
[WhiteElo "1711"]
[BlackElo "1790"]
[PlyCount "113"]
[EventDate "2017.??.??"]
[EventType "team-tourn"]
[EventRounds "9"]
[SourceDate "2017.10.08"]
[WhiteTeam "Waterkant Saal"]
[BlackTeam "SSC Graal-Mueritz"]

1. c4 e5 2. Nc3 Bc5 3. e3 Nc6 4. Ne4 Qe7 5. Nf3 Nf6 6. Nxc5 Qxc5 7. d4 Qe7 8.
d5 e4 9. Nd4 Ne5 10. Nf5 Qb4+ 11. Bd2 Qxb2 12. Rb1 Qxa2 13. Bc3 Nfg4 14. Rb2
Qa3 15. Qc2 d6 16. Ra2 Qc5 17. Ra4 Bxf5 18. Bd4 b5 19. Bxc5 bxa4 20. Bd4 O-O
21. h3 Nf6 22. Be2 Nd3+ 23. Bxd3 exd3 24. Qxa4 a5 25. f3 Nh5 26. Kf2 Bg6 27.
Rd1 f5 28. Rxd3 Nf6 29. Rb3 Be8 30. Qa2 a4 31. Rb7 c6 32. Rb6 c5 33. Bc3 Rd8
34. Qb1 Bg6 35. Qa1 Be8 36. Ke2 Nh5 37. Be1 h6 38. g4 fxg4 39. fxg4 Nf6 40. Bg3
Bd7 41. Bxd6 Rf7 42. Bxc5 Nxg4 43. Bd6 Re8 44. Rb8 Nf6 45. Rxe8+ Bxe8 46. e4
Nh5 47. c5 Bb5+ 48. Ke3 Ra7 49. c6 Nf6 50. Qd4 Ra8 51. Ba3 Re8 52. Qc5 Ba6 53.
d6 Rc8 54. e5 Nh5 55. d7 Rb8 56. Qd5+ Kh7 57. d8=Q 1-0

[Event "LLO 2017/18"]
[Site "Mecklenburg-Vorpommern"]
[Date "2018.03.18"]
[Round "7.6"]
[White "Schumann, Lutz"]
[Black "Nickel, Reimo"]
[Result "1-0"]
[WhiteElo "1748"]
[BlackElo "1693"]
[PlyCount "119"]
[EventDate "2017.??.??"]
[EventType "team-tourn"]
[EventRounds "9"]
[SourceDate "2017.10.08"]
[WhiteTeam "SSC Graal-Mueritz"]
[BlackTeam "Waterkant Saal"]

1. c4 e5 2. g3 Nf6 3. Bg2 c6 4. Nf3 d6 5. O-O Be7 6. Nc3 Bg4 7. h3 Bh5 8. d3 h6
9. Rb1 O-O 10. b4 Nbd7 11. Nh4 Nh7 12. Nf5 Bg6 13. Nxe7+ Qxe7 14. b5 Rfc8 15.
bxc6 bxc6 16. Rb7 Qd8 17. Ba3 Qa5 18. Bb4 Qd8 19. Bxd6 Nhf6 20. d4 Qa5 21. dxe5
Qxc3 22. exf6 Nxf6 23. Qb3 Qd2 24. Bc5 Qxe2 25. Rxa7 Bd3 26. Re7 Qc2 27. Qxc2
Bxc2 28. a3 Bd3 29. Rc1 Ra4 30. Bf1 Bf5 31. g4 Be6 32. Bd3 Nd7 33. Bd6 Nb6 34.
Bc5 Bxc4 35. Bf5 Be6 36. Bxe6 fxe6 37. Bxb6 Rxa3 38. Rxe6 Rb3 39. Rexc6 Rxc6
40. Rxc6 Rxh3 41. Be3 h5 42. g5 Rh4 43. Kg2 Re4 44. Rd6 Kf7 45. Kf3 Rg4 46. Rd4
Rg1 47. Rd7+ Kg8 48. Rc7 g6 49. Rc1 Rg4 50. Bf4 Kf7 51. Re1 Kg8 52. Re7 Rg1 53.
Bg3 Rh1 54. Be5 Re1 55. Kf4 Kf8 56. Rh7 Rg1 57. Bf6 Rg4+ 58. Ke5 Rg1 59. Ke6
Re1+ 60. Be5 1-0

[Event "LLO 2017/18"]
[Site "Mecklenburg-Vorpommern"]
[Date "2018.03.18"]
[Round "7.7"]
[White "Ehmann, Roland"]
[Black "Perlick, Eberhard"]
[Result "1/2-1/2"]
[WhiteElo "1599"]
[BlackElo "1858"]
[PlyCount "23"]
[EventDate "2017.??.??"]
[EventType "team-tourn"]
[EventRounds "9"]
[SourceDate "2017.10.08"]
[WhiteTeam "Waterkant Saal"]
[BlackTeam "SSC Graal-Mueritz"]

1. Nf3 e6 2. g3 f5 3. d4 Nf6 4. Bg2 d5 5. Ne5 Bd6 6. f4 O-O 7. O-O Ne4 8. Nd2
c5 9. c3 Bd7 10. Nxd7 Nxd7 11. Nf3 Qb6 12. Qb3 1/2-1/2